| 000 | 01510nam a2200277 i 4500 | ||
|---|---|---|---|
| 003 | DO-SdBNP | ||
| 005 | 20250312140927.0 | ||
| 007 | ta | ||
| 008 | 240412b2023 dr ab||| |||| 00| 0 spa d | ||
| 020 | _a9789945634228 | ||
| 040 |
_aDO-SdBNP _bsap _cBNPHU _erda |
||
| 082 | 4 |
_axxx _bxxx _222 |
|
| 100 | 1 |
_aBartolomé, Reyna, _eautor _985217 _4aut. |
|
| 245 | 1 | 0 |
_aCarro, casa y negocio : _bla aspiración de migrar en el noreste rural dominicano / _cReyna Bartolomé, Pedro Valdez-Castro ; prólogo, Juan Montero Sánchez. |
| 264 | 4 |
_aSanto Domingo : _bInstituto Nacional de Migración, _c©2023. |
|
| 300 |
_a109 páginas : _bilustraciones, mapas ; _c23 cm. |
||
| 336 |
_atexto _btxt _2rdacontent |
||
| 337 |
_asin mediación _bn _2rdamedia |
||
| 338 |
_avolumen _bnc _2rdacarrier |
||
| 504 | _aBibliografía : páginas 105-109 | ||
| 505 | 0 |
_aIntroducción -- _tFundación teórica -- _tMetodología -- _tUna mirada a la emigración en República Dominicana -- _tEntendiendo las condiciones en el origen. La Bija y Angelina: La precariedad en la periferia arrocera -- _tEntre el deseo y la precariedad. La migración como estrategía de progreso en un medio precarizado y la privación relativa -- _tLa migración familiar. El establecimiento de redes sociales migratorias y constucción de vínculos transnacionales -- _tConcluciones. |
|
| 590 | _aInventariado, 2024/LP | ||
| 700 | 1 |
_aValdez-Castro, Pedro, _eautor _4aut. _985218 |
|
| 700 | 1 |
_aMontero Sánchez, Juan, _eprologuista _4pr. _985219 |
|
| 942 |
_2ddc _cLBS1 |
||
| 999 |
_c56380 _d56380 |
||